Hantu di asrama putera
| Main Author: | |
|---|---|
| Format: | Book |
| Published: |
Petaling Jaya :
Penerbit Pan Earth Sdn. Bhd. ,
1987
|
| Series: | Siri bacaan pelita
|
| Subjects: |
MARC
| LEADER | 00000cam a2200000 7i4500 | ||
|---|---|---|---|
| 001 | 0000003457 | ||
| 005 | 20120516.0 | ||
| 020 | |a 9679563227 | ||
| 090 | 0 | 0 | |a JF |b MAN |
| 100 | 0 | |a Mana Sikana | |
| 245 | 1 | 0 | |a Hantu di asrama putera |c Mana Sikana |
| 260 | |a Petaling Jaya : |b Penerbit Pan Earth Sdn. Bhd. , |c 1987 | ||
| 300 | |a 22p. : |b ill. ; |c 22cm. | ||
| 490 | 0 | |a Siri bacaan pelita | |
| 650 | 0 | 0 | |a Children's stories, Malay |
| 999 | |a 016894 |b BUKU |c PINJAMAN |e PERPUSTAKAAN KOMUNITI PETALING JAYA | ||
| 999 | |a 031757 |b BUKU |c PINJAMAN |e PERPUSTAKAAN KOMUNITI PETALING JAYA | ||